000 00264nam a2200109Ia 4500
008 220204s9999 xx 000 0 und d
082 _a054
_bVIS
100 _aMartha Orrico
245 0 _aIdeas of chemistry
260 _aNew York
_bHarcourt Brace
_c1978
942 _cBK
999 _c33395
_d33395